000 00639nam a2200241Ia 4500
003 OSt
005 20220918221412.0
006 a|||||r|||| 00| 0
007 ta
008 220917b |||||||| |||| 00| 0 eng d
024 _a156,826
037 _cTextual
040 _aARTS
_cARTS
_beng
041 _2eng
_aeng
082 _aV2:1941, P1
100 _aBhattacharjea Mira Sinha
_9140415
245 0 _aChina the world and India
260 _aNew Delhi
_bSamskriti
_c2001
300 _axiv, 480p.
_ccm.
650 _aHISTORY
942 _hV2:1941, P1
_cTEXL
_2CC
999 _c272398
_d272398